[Event "MrDodgy Inv 3 Finals"]
[Site "chess24.com INT"]
[Date "2022.11.27"]
[Round "1.1"]
[White "Carlsen, Magnus"]
[Black "Salem, A.R. Saleh"]
[Result "1-0"]
[WhiteTitle "GM"]
[BlackTitle "GM"]
[WhiteElo "2859"]
[BlackElo "2677"]
[WhiteFideId "1503014"]
[BlackFideId "9301348"]
[EventDate "2022.11.27"]
[EventType "k.o."]

1. e4 e5 2. Nf3 Nc6 3. Bc4 Nf6 4. d3 Bc5 5. O-O O-O 6. h3 d6 7. c3 a6 8. Bb3 h6
9. Nbd2 Re8 10. Re1 Be6 11. Bc2 Ba7 12. Nf1 d5 13. exd5 Bxd5 14. Ng3 Qd6 15. b4
Rad8 16. Qe2 b5 17. Be3 Bxe3 18. Qxe3 Be6 19. Ne4 Nxe4 20. dxe4 Qe7 21. a4 Rd6
22. Bd3 Red8 23. Be2 Bc4 24. axb5 axb5 25. Bxc4 bxc4 26. Qc5 Rf6 27. Qxe7 Nxe7
28. Nxe5 Rd2 29. Ng4 Re6 30. Ne3 Rxe4 31. Nf1 Rxe1 32. Rxe1 Rd7 33. Re4 Nd5 34.
Rxc4 Re7 35. Ne3 Nxe3 36. fxe3 g6 37. Kf2 Kf8 38. Rc5 Ke8 39. g4 Kd7 40. h4 Re6
41. h5 g5 42. Kf3 Rf6+ 43. Ke4 Re6+ 44. Re5 Rc6 45. Kd4 Ra6 46. c4 Ra1 47. Rf5
Ke6 48. Rc5 Kd6 49. Ke4 Rf1 50. Rf5 Rg1 51. Rf6+ Ke7 52. Rxh6 Rxg4+ 53. Kd5 Rh4
54. b5 g4 55. Rh8 g3 56. Rg8 Rxh5+ 57. Kc6 Rh3 58. Kxc7 f5 59. b6 Kf7 60. Rg5
Kf6 61. Rxg3 Rxg3 62. b7 Rg7+ 63. Kb6 Rxb7+ 64. Kxb7 Ke5 65. c5 Ke4 66. c6 1-0

[Event "MrDodgy Inv 3 Finals"]
[Site "chess24.com INT"]
[Date "2022.11.27"]
[Round "1.2"]
[White "Salem, A.R. Saleh"]
[Black "Carlsen, Magnus"]
[Result "0-1"]
[WhiteTitle "GM"]
[BlackTitle "GM"]
[WhiteElo "2677"]
[BlackElo "2859"]
[WhiteFideId "9301348"]
[BlackFideId "1503014"]
[EventDate "2022.11.27"]
[EventType "k.o."]

1. d4 Nf6 2. c4 e6 3. Nc3 d5 4. cxd5 exd5 5. Bg5 c6 6. e3 Be7 7. Bd3 h6 8. Bh4
O-O 9. Nge2 Ne8 10. Bg3 Nd6 11. Qc2 Re8 12. O-O Bf8 13. Rae1 a5 14. Nd1 Na6 15.
a3 Bd7 16. f3 Rc8 17. Nec3 c5 18. Qf2 Bc6 19. Bf4 b5 20. Ne2 Nc4 21. Qg3 h5 22.
Qh3 g6 23. g4 Bd7 24. Qg2 h4 25. g5 Bg7 26. Kh1 Nd2 27. Rg1 c4 28. Bc2 b4 29. e4
c3 30. bxc3 b3 31. Bd3 Nxf3 32. Bxa6 Nxe1 33. Rxe1 Rxe4 34. Bxc8 Qxc8 35. Nf2
Re8 36. Nd3 Bf5 37. Nb2 Be4 0-1

[Event "MrDodgy Inv 3 Finals"]
[Site "chess24.com INT"]
[Date "2022.11.27"]
[Round "1.3"]
[White "Carlsen, Magnus"]
[Black "Salem, A.R. Saleh"]
[Result "1-0"]
[WhiteTitle "GM"]
[BlackTitle "GM"]
[WhiteElo "2859"]
[BlackElo "2677"]
[WhiteFideId "1503014"]
[BlackFideId "9301348"]
[EventDate "2022.11.27"]
[EventType "k.o."]

1. e4 e5 2. Nf3 Nc6 3. Bc4 Nf6 4. d3 Bc5 5. O-O O-O 6. h3 d6 7. c3 a6 8. Bb3 Ba7
9. Re1 h6 10. Nbd2 Re8 11. Nf1 Be6 12. Bc2 d5 13. exd5 Bxd5 14. Ng3 Qd6 15. Qe2
Rad8 16. a4 a5 17. Bd2 Bc5 18. Rad1 Qe6 19. Be3 Bxe3 20. Qxe3 Bb3 21. Qc1 Bxc2
22. Qxc2 Qd5 23. Rd2 Re6 24. Ne4 Rde8 25. Nxf6+ Rxf6 26. d4 e4 27. Rde2 Rfe6 28.
Nd2 f5 29. Qb3 Qxb3 30. Nxb3 R6e7 31. f3 exf3 32. Rxe7 Rxe7 33. Rxe7 Nxe7 34.
Nxa5 b6 35. Nc4 fxg2 36. b4 Nd5 37. a5 bxa5 38. bxa5 Nxc3 39. a6 Nb5 40. Ne5 Na7
41. h4 g5 42. h5 Kf8 43. Kxg2 Ke7 44. d5 Kf6 45. Nc6 Nb5 46. Kf3 Kf7 47. Ke3 Kf6
48. Kf3 Kf7 49. Kf2 Kg7 50. Nd4 Kf6 51. Nxb5 1-0

[Event "MrDodgy Inv 3 Finals"]
[Site "chess24.com INT"]
[Date "2022.11.27"]
[Round "1.4"]
[White "Salem, A.R. Saleh"]
[Black "Carlsen, Magnus"]
[Result "0-1"]
[WhiteTitle "GM"]
[BlackTitle "GM"]
[WhiteElo "2677"]
[BlackElo "2859"]
[WhiteFideId "9301348"]
[BlackFideId "1503014"]
[EventDate "2022.11.27"]
[EventType "k.o."]

1. d4 Nf6 2. c4 e6 3. Nc3 d5 4. cxd5 exd5 5. Bg5 c6 6. e3 Be7 7. Bd3 h6 8. Bh4
O-O 9. Nge2 Re8 10. O-O Nbd7 11. a4 Nh5 12. Bxe7 Qxe7 13. a5 Ndf6 14. Qc2 g6 15.
Na4 Ng7 16. a6 b5 17. Nc5 Bf5 18. Nf4 Rac8 19. Rac1 h5 20. Rfe1 Qd6 21. Nb7 Qb8
22. h3 Ne4 23. f3 Ng3 24. Qf2 h4 25. Bxf5 N7xf5 26. Nd3 f6 27. Nb4 Re6 28. Nc5
Rd6 29. Rcd1 Qb6 30. Nbd3 Re8 31. Rc1 Kg7 32. b4 Re7 33. Rc3 Rd8 34. Nf4 Rde8
35. Qc2 Qb8 36. Ncd3 g5 0-1

[Event "MrDodgy Inv 3 Finals"]
[Site "chess24.com INT"]
[Date "2022.11.27"]
[Round "1.5"]
[White "Carlsen, Magnus"]
[Black "Salem, A.R. Saleh"]
[Result "1-0"]
[WhiteTitle "GM"]
[BlackTitle "GM"]
[WhiteElo "2859"]
[BlackElo "2677"]
[WhiteFideId "1503014"]
[BlackFideId "9301348"]
[EventDate "2022.11.27"]
[EventType "k.o."]

1. e4 e5 2. Nf3 Nc6 3. Bb5 a6 4. Ba4 Nf6 5. O-O Be7 6. Re1 b5 7. Bb3 O-O 8. h3
Bb7 9. d3 d6 10. a4 Na5 11. Ba2 c5 12. Nbd2 bxa4 13. Bb1 Bc6 14. c3 Rb8 15. Bc2
Bb5 16. Re3 Re8 17. Bxa4 Bf8 18. c4 Bc6 19. Bxc6 Nxc6 20. Rxa6 Nb4 21. Ra3 g6
22. Nf1 Bh6 23. Re1 Bxc1 24. Qxc1 Nh5 25. g3 Ng7 26. Ne3 Ne6 27. Kg2 Re7 28. h4
h5 29. Qd2 Reb7 30. Rea1 Nc6 31. R3a2 Ncd4 32. Nxd4 cxd4 33. Nd5 Nc5 34. b4 Nb3
35. Qh6 Nxa1 36. Rxa1 Rxb4 37. Nxb4 Rxb4 38. g4 Qc8 39. Kh2 Rb2 40. gxh5 Rxf2+
41. Kg3 Rf3+ 42. Kxf3 Qh3+ 43. Ke2 Qg2+ 44. Kd1 Qf1+ 45. Kd2 Qxa1 46. hxg6 Qc3+
47. Ke2 Qc2+ 48. Qd2 Qxd2+ 49. Kxd2 fxg6 50. Kc2 Kh7 51. Kb3 Kh6 52. Kb4 Kh5 53.
Kb5 Kxh4 54. Kc6 g5 55. Kxd6 g4 56. c5 g3 57. c6 g2 58. c7 g1=Q 59. c8=Q Qe3 60.
Qc4 Qf4 61. Qe6 Qe3 62. Qf6+ Kg4 63. Qf5+ Kh4 64. Qxe5 Qxd3 65. Kd5 Qb3+ 66.
Kxd4 Qb2+ 67. Kd5 Qb5+ 68. Kd6 Qb8+ 69. Ke6 Qe8+ 70. Kf6 Qh8+ 71. Kf5 Qh5+ 72.
Kf4 Qh6+ 73. Kf3 Qf8+ 74. Qf4+ 1-0

[Event "MrDodgy Inv 3 Finals"]
[Site "chess24.com INT"]
[Date "2022.11.27"]
[Round "1.6"]
[White "Salem, A.R. Saleh"]
[Black "Carlsen, Magnus"]
[Result "0-1"]
[WhiteTitle "GM"]
[BlackTitle "GM"]
[WhiteElo "2677"]
[BlackElo "2859"]
[WhiteFideId "9301348"]
[BlackFideId "1503014"]
[EventDate "2022.11.27"]
[EventType "k.o."]

1. e4 c5 2. Nf3 e6 3. g3 d5 4. exd5 exd5 5. Bg2 Nc6 6. O-O Nf6 7. d4 Be7 8. dxc5
O-O 9. Bg5 Bxc5 10. Nc3 Be6 11. Nb5 Rc8 12. c3 h6 13. Bxf6 Qxf6 14. Re1 a6 15.
Nbd4 Nxd4 16. Nxd4 Bxd4 17. cxd4 Rc4 18. Qb3 b5 19. a4 Qxd4 20. axb5 axb5 21.
Rad1 Qc5 22. Qd3 d4 23. Bf3 Rd8 24. Rd2 Rb4 25. Qa3 Rc4 26. Qxc5 Rxc5 27. Be4 g5
28. Bd3 b4 29. Ra1 Kg7 30. f3 Rdc8 31. Kf2 Rc1 32. Rxc1 Rxc1 33. Be2 b3 34. Bd1
Rb1 35. f4 gxf4 36. gxf4 Kf6 37. Be2 Bf5 38. Bc4 Bc2 39. Rxd4 Rxb2 40. Ke3 Bf5
41. Rd6+ Be6 42. Bxe6 fxe6 43. h4 Rb1 44. Rb6 b2 45. Kd3 Rd1+ 46. Kc2 b1=Q+ 47.
Rxb1 Rxb1 48. Kxb1 Kf5 0-1

[Event "MrDodgy Inv 3 Finals"]
[Site "chess24.com INT"]
[Date "2022.11.27"]
[Round "1.7"]
[White "Carlsen, Magnus"]
[Black "Salem, A.R. Saleh"]
[Result "1-0"]
[WhiteTitle "GM"]
[BlackTitle "GM"]
[WhiteElo "2859"]
[BlackElo "2677"]
[WhiteFideId "1503014"]
[BlackFideId "9301348"]
[EventDate "2022.11.27"]
[EventType "k.o."]

1. e4 e5 2. Nf3 Nc6 3. Bc4 Nf6 4. d3 Bc5 5. O-O O-O 6. h3 d6 7. c3 h6 8. Re1 Re8
9. Nbd2 a6 10. Bb3 Be6 11. Bc2 Ba7 12. Nf1 d5 13. exd5 Bxd5 14. Be3 Bxe3 15.
Nxe3 Be6 16. b4 Qd6 17. a4 Rad8 18. Nd2 Qd7 19. Qf3 Nd5 20. Ne4 b6 21. a5 bxa5
22. Nc5 Qe7 23. Ba4 e4 24. Qxe4 Nxe3 25. Rxe3 Bd5 26. Qxe7 Rxe7 27. Bxc6 Rxe3
28. Bxd5 Re5 29. Bc4 axb4 30. cxb4 1-0

[Event "MrDodgy Inv 3 Finals"]
[Site "chess24.com INT"]
[Date "2022.11.27"]
[Round "1.1"]
[White "Lagarde, Maxime"]
[Black "Mamedov, Rauf"]
[Result "1/2-1/2"]
[WhiteTitle "GM"]
[BlackTitle "GM"]
[WhiteElo "2573"]
[BlackElo "2646"]
[WhiteFideId "662399"]
[BlackFideId "13401653"]
[EventDate "2022.11.27"]
[EventType "k.o."]

1. e4 c5 2. Nc3 Nc6 3. Bb5 Nd4 4. Nf3 a6 5. Bd3 Nc6 6. O-O d6 7. Bc4 Nf6 8. d4
cxd4 9. Nxd4 Bd7 10. Bg5 e6 11. Nxc6 Bxc6 12. Qe2 Be7 13. Rad1 Qa5 14. Nd5 exd5
15. exd5 Bb5 16. Rfe1 O-O 17. Bxb5 axb5 18. Bd2 Qxa2 19. Qxe7 Qxb2 20. Bg5 Rfe8
21. Bxf6 gxf6 22. Qxd6 Rxe1+ 23. Rxe1 Qe5 24. Qxe5 fxe5 25. g3 f6 26. Rb1 Ra5
27. Kg2 Kf7 28. c4 bxc4 29. Rxb7+ Kg6 30. d6 Rd5 31. d7 c3 32. Rc7 c2 33. Rxc2
Rxd7 1/2-1/2

[Event "MrDodgy Inv 3 Finals"]
[Site "chess24.com INT"]
[Date "2022.11.27"]
[Round "1.2"]
[White "Mamedov, Rauf"]
[Black "Lagarde, Maxime"]
[Result "1-0"]
[WhiteTitle "GM"]
[BlackTitle "GM"]
[WhiteElo "2646"]
[BlackElo "2573"]
[WhiteFideId "13401653"]
[BlackFideId "662399"]
[EventDate "2022.11.27"]
[EventType "k.o."]

1. e4 e5 2. Nf3 Nc6 3. Bc4 Nf6 4. d4 exd4 5. e5 d5 6. Bb5 Ne4 7. Nxd4 Bc5 8. Be3
O-O 9. Nxc6 bxc6 10. Bxc5 Nxc5 11. Bxc6 Rb8 12. Qxd5 Qxd5 13. Bxd5 Rxb2 14. Na3
Be6 15. Bb3 Nxb3 16. axb3 Bf5 17. Kd2 1-0

[Event "MrDodgy Inv 3 Finals"]
[Site "chess24.com INT"]
[Date "2022.11.27"]
[Round "1.3"]
[White "Lagarde, Maxime"]
[Black "Mamedov, Rauf"]
[Result "1-0"]
[WhiteTitle "GM"]
[BlackTitle "GM"]
[WhiteElo "2573"]
[BlackElo "2646"]
[WhiteFideId "662399"]
[BlackFideId "13401653"]
[EventDate "2022.11.27"]
[EventType "k.o."]

1. e4 c5 2. Nc3 g6 3. h4 h5 4. d4 cxd4 5. Qxd4 Nf6 6. Bg5 Nc6 7. Qd2 Bg7 8.
O-O-O d6 9. Kb1 Be6 10. Nge2 Qa5 11. f3 Nh7 12. Be3 Rc8 13. a3 O-O 14. Bh6 Bxh6
15. Qxh6 b5 16. g4 b4 17. gxh5 Ne5 18. hxg6 fxg6 19. h5 Nf7 20. Qe3 bxc3 21.
hxg6 cxb2 22. Rxh7 Ng5 23. Nd4 Rc3 24. Nxe6 Rxe3 25. Rh8+ Kxh8 26. g7+ Kh7 27.
gxf8=Q Nxe6 28. Qf7+ Kh8 29. Be2 1-0

[Event "MrDodgy Inv 3 Finals"]
[Site "chess24.com INT"]
[Date "2022.11.27"]
[Round "1.4"]
[White "Mamedov, Rauf"]
[Black "Lagarde, Maxime"]
[Result "1/2-1/2"]
[WhiteTitle "GM"]
[BlackTitle "GM"]
[WhiteElo "2646"]
[BlackElo "2573"]
[WhiteFideId "13401653"]
[BlackFideId "662399"]
[EventDate "2022.11.27"]
[EventType "k.o."]

1. e4 e5 2. Nf3 Nc6 3. Bc4 Nf6 4. d4 exd4 5. e5 d5 6. Bb5 Ne4 7. Nxd4 Bd7 8.
Bxc6 bxc6 9. O-O Bc5 10. f3 Ng5 11. f4 Ne4 12. Be3 O-O 13. Nc3 Nxc3 14. bxc3 f6
15. Qd2 fxe5 16. fxe5 Qe7 17. e6 Bxd4 18. Bxd4 Bxe6 19. Qe3 Qd7 20. Bxa7 Rxf1+
21. Rxf1 d4 22. Bxd4 Bxa2 23. h3 Re8 24. Qg3 Bd5 25. Rf2 h6 26. h4 Re4 27. Rf4
Re2 28. Rf2 Re4 29. Rf4 Re2 30. Rf2 Re4 1/2-1/2

[Event "MrDodgy Inv 3 Finals"]
[Site "chess24.com INT"]
[Date "2022.11.27"]
[Round "1.5"]
[White "Lagarde, Maxime"]
[Black "Mamedov, Rauf"]
[Result "0-1"]
[WhiteTitle "GM"]
[BlackTitle "GM"]
[WhiteElo "2573"]
[BlackElo "2646"]
[WhiteFideId "662399"]
[BlackFideId "13401653"]
[EventDate "2022.11.27"]
[EventType "k.o."]

1. e4 c5 2. Nc3 Nc6 3. Bb5 Nd4 4. Nf3 a6 5. Bd3 Nc6 6. O-O d6 7. Bc4 Nf6 8. d4
cxd4 9. Nxd4 Bd7 10. a3 g6 11. Nxc6 Bxc6 12. Re1 Bg7 13. Bg5 O-O 14. Ba2 Rc8 15.
Qd2 Re8 16. Rad1 Qb6 17. Bb3 Nd7 18. Be3 Qa5 19. Bd4 Bxd4 20. Qxd4 Qb6 21. Qxb6
Nxb6 22. e5 dxe5 23. Rxe5 e6 24. f3 Kf8 25. Kf2 Ke7 26. h4 Red8 27. Ree1 Rxd1
28. Rxd1 h5 29. Rd4 Nd7 30. Nd1 Nc5 31. Ba2 Ba4 32. Ne3 Bd7 33. c3 Bc6 34. Rd2
b5 35. Nc2 a5 36. Nd4 Bd7 37. Ke3 Na4 38. Bb3 Nb6 39. Ne2 Bc6 40. Nd4 Bd7 41.
Ne2 Rb8 42. Nf4 Bc6 43. Nd3 Nd7 44. Ba2 Nb6 45. Nf4 Ra8 46. Nd3 Bd5 47. Bxd5
Nxd5+ 48. Kd4 Rc8 49. Ne5 f6 50. Nxg6+ Kf7 51. Re2 Rc4+ 52. Kd3 Kxg6 0-1

[Event "MrDodgy Inv 3 Finals"]
[Site "chess24.com INT"]
[Date "2022.11.27"]
[Round "1.6"]
[White "Mamedov, Rauf"]
[Black "Lagarde, Maxime"]
[Result "1-0"]
[WhiteTitle "GM"]
[BlackTitle "GM"]
[WhiteElo "2646"]
[BlackElo "2573"]
[WhiteFideId "13401653"]
[BlackFideId "662399"]
[EventDate "2022.11.27"]
[EventType "k.o."]

1. e4 e5 2. Nc3 Nf6 3. g3 Bc5 4. Bg2 d6 5. h3 h5 6. d3 h4 7. g4 Nc6 8. Bg5 Ne7
9. Nge2 Ng6 10. Rf1 c6 11. Qd2 Qa5 12. O-O-O Be6 13. d4 Bb4 14. d5 cxd5 15. exd5
Bd7 16. a3 Bc5 17. Bxf6 gxf6 18. Ne4 Qxd2+ 19. Rxd2 f5 20. Nxc5 dxc5 21. gxf5
Bxf5 22. f4 exf4 23. Nxf4 Nxf4 24. Rxf4 Bg6 25. Rc4 b6 26. d6 Rd8 27. b4 Rh5 28.
Bc6+ Kf8 29. d7 Ke7 30. b5 Re5 31. Rxh4 Bf5 32. Ra4 c4 33. Kb2 1-0

[Event "MrDodgy Inv 3 Finals"]
[Site "chess24.com INT"]
[Date "2022.11.27"]
[Round "1.7"]
[White "Lagarde, Maxime"]
[Black "Mamedov, Rauf"]
[Result "1/2-1/2"]
[WhiteTitle "GM"]
[BlackTitle "GM"]
[WhiteElo "2573"]
[BlackElo "2646"]
[WhiteFideId "662399"]
[BlackFideId "13401653"]
[EventDate "2022.11.27"]
[EventType "k.o."]

1. d4 d5 2. Nf3 Nf6 3. Bf4 Bf5 4. e3 e6 5. Bd3 Bxd3 6. cxd3 Bd6 7. O-O O-O 8.
Nc3 c6 9. Ne5 Qe7 10. Bg5 Qc7 11. Bxf6 gxf6 12. f4 fxe5 13. fxe5 Bxe5 14. dxe5
Qxe5 15. Qf3 Nd7 16. d4 Qg7 17. Qf4 Kh8 18. Rf3 Rg8 19. g3 f5 20. Qd6 Rae8 21.
Ne2 Nf6 22. Nf4 Ne4 23. Qa3 a6 24. Nd3 Nd2 25. Rf4 Nc4 26. Qc3 Qh6 27. Re1 Nd6
28. Ne5 Rg7 29. Re2 Ne4 30. Qe1 Reg8 31. Rg2 Nd6 32. b3 Nf7 33. Nd3 Ng5 34. Kh1
Nh3 35. Rf1 Ng5 36. Rf4 Nf7 37. a4 Ng5 38. a5 Ne4 39. Kg1 Ng5 40. Kh1 Nh3 41.
Rf1 Ng5 42. Rf4 1/2-1/2

[Event "MrDodgy Inv 3 Finals"]
[Site "chess24.com INT"]
[Date "2022.11.27"]
[Round "1.8"]
[White "Mamedov, Rauf"]
[Black "Lagarde, Maxime"]
[Result "1-0"]
[WhiteTitle "GM"]
[BlackTitle "GM"]
[WhiteElo "2646"]
[BlackElo "2573"]
[WhiteFideId "13401653"]
[BlackFideId "662399"]
[EventDate "2022.11.27"]
[EventType "k.o."]

1. e4 c5 2. Nf3 e6 3. c3 d5 4. exd5 exd5 5. d4 Nc6 6. Bb5 Bd6 7. O-O Ne7 8. dxc5
Bxc5 9. Nbd2 Bb6 10. Nb3 Bg4 11. Bd3 h6 12. Be3 Bxe3 13. fxe3 O-O 14. Qd2 Bxf3
15. Rxf3 Ne5 16. Rf4 N7c6 17. Raf1 Qe7 18. Nd4 g6 19. Be2 Rad8 20. h3 Rfe8 21.
Bb5 Rd6 22. b3 Qc7 23. Qf2 Re7 24. Qg3 Kh7 25. h4 h5 26. Be2 Qd8 27. Qg5 Qe8 28.
Bxh5 gxh5 29. Rf6 Rxf6 30. Rxf6 Ng6 31. Nf5 Qf8 32. Qxh5+ Kg8 33. Qg5 Re5 34. h5
Qg7 35. hxg6 1-0

[Event "MrDodgy Inv 3 Finals"]
[Site "chess24.com INT"]
[Date "2022.11.27"]
[Round "1.9"]
[White "Lagarde, Maxime"]
[Black "Mamedov, Rauf"]
[Result "0-1"]
[WhiteTitle "GM"]
[BlackTitle "GM"]
[WhiteElo "2573"]
[BlackElo "2646"]
[WhiteFideId "662399"]
[BlackFideId "13401653"]
[EventDate "2022.11.27"]
[EventType "k.o."]

1. e4 c5 2. Nf3 g6 3. c3 Bg7 4. d4 cxd4 5. cxd4 d5 6. e5 Nc6 7. h3 f6 8. Bb5
fxe5 9. dxe5 Nh6 10. O-O O-O 11. Nc3 e6 12. Bxc6 bxc6 13. Bg5 Qc7 14. Rc1 Nf7
15. Bf6 Nxe5 16. Bxe5 Bxe5 17. Nb5 Qb8 18. Nxe5 Qxe5 19. Nd4 Bd7 20. Nxc6 Qxb2
21. Ne7+ Kh8 22. Rc7 Rad8 23. Nc6 Bxc6 24. Rxc6 Rf6 25. Rc7 Rdf8 26. Qe1 a6 27.
Qe3 Kg8 28. f3 R8f7 29. Rfc1 Kg7 30. R7c2 Qb8 31. Rc8 Qa7 32. R1c5 Qb7 33. Kh1
h5 34. Qe5 Qb1+ 35. Kh2 Qf5 36. Qe2 Qf4+ 37. Kh1 Rb7 38. Rc1 d4 39. Qxa6 Rbf7
40. Qd3 e5 41. Re1 Qg3 42. Qe2 Re6 43. Qe4 d3 44. Rd1 Rf4 45. Qb7+ Rf7 46. Qe4
Ref6 47. Qxd3 e4 48. Qd8 Rf8 49. Qe7+ R6f7 50. Qd8 Rxd8 51. Rcxd8 exf3 0-1

[Event "MrDodgy Inv 3 Finals"]
[Site "chess24.com INT"]
[Date "2022.11.28"]
[Round "1.1"]
[White "Shevchenko, Kirill"]
[Black "Supi, Luis Paulo"]
[Result "1-0"]
[WhiteTitle "GM"]
[BlackTitle "GM"]
[WhiteElo "2649"]
[BlackElo "2612"]
[WhiteFideId "14129574"]
[BlackFideId "2106388"]
[EventDate "2022.11.27"]
[EventType "k.o."]

1. e4 c5 2. Nc3 d6 3. f4 g6 4. Nf3 Bg7 5. Bb5+ Nc6 6. Bxc6+ bxc6 7. d3 Nh6 8.
O-O f5 9. e5 dxe5 10. Nxe5 Nf7 11. Nxf7 Kxf7 12. Be3 c4 13. dxc4 Rb8 14. Na4 Rb4
15. b3 Bxa1 16. Qxa1 e5 17. Rd1 Qe8 18. fxe5 Be6 19. Nc5 Qc8 20. Rd6 Re8 21. Qe1
Rb8 22. Qh4 Kg8 23. Qf6 1-0

[Event "MrDodgy Inv 3 Finals"]
[Site "chess24.com INT"]
[Date "2022.11.28"]
[Round "1.2"]
[White "Supi, Luis Paulo"]
[Black "Shevchenko, Kirill"]
[Result "0-1"]
[WhiteTitle "GM"]
[BlackTitle "GM"]
[WhiteElo "2612"]
[BlackElo "2649"]
[WhiteFideId "2106388"]
[BlackFideId "14129574"]
[EventDate "2022.11.27"]
[EventType "k.o."]

1. e4 c5 2. Nf3 Nc6 3. Bc4 e6 4. O-O Nf6 5. Re1 d6 6. Bf1 Be7 7. c3 e5 8. d4
cxd4 9. cxd4 Bg4 10. d5 Nd4 11. Be3 Bxf3 12. gxf3 O-O 13. f4 Qc8 14. Nc3 Qg4+
15. Qxg4 Nxg4 16. Bxd4 exd4 17. Nb5 Bh4 18. Re2 f5 19. Nxd4 fxe4 20. Ne6 Rf5 21.
Bh3 h5 22. Bxg4 hxg4 23. Rxe4 Rc8 24. Rae1 Rxd5 25. Rd4 Rxd4 26. Nxd4 Bf6 27.
Nf5 Rc2 28. Re8+ Kh7 29. Nxd6 Bd4 30. Ne4 Rxb2 31. Re6 Kg8 32. Ng5 Kf8 33. Nh7+
Kg8 34. Ng5 g6 35. Rxg6+ Kf8 36. Ne4 Re2 37. Re6 Rxa2 38. f5 b5 39. f6 Re2 40.
Kf1 Rc2 41. Nd6 Rxf2+ 42. Ke1 Rxf6 43. Rxf6+ Bxf6 44. Nxb5 a5 45. Kd1 Be5 46.
Ke2 Ke7 47. Na3 Bxh2 48. Nc4 a4 49. Ke3 Ke6 50. Ke4 Bd6 51. Kd4 g3 52. Ke3 Bc5+
53. Kf3 Kd5 54. Nd2 Bb4 55. Nf1 Bc5 56. Nxg3 a3 57. Ne2 Kc4 58. Nc1 Kc3 59. Ke2
Kc2 60. Na2 Kb2 0-1

[Event "MrDodgy Inv 3 Finals"]
[Site "chess24.com INT"]
[Date "2022.11.28"]
[Round "1.3"]
[White "Shevchenko, Kirill"]
[Black "Supi, Luis Paulo"]
[Result "1/2-1/2"]
[WhiteTitle "GM"]
[BlackTitle "GM"]
[WhiteElo "2649"]
[BlackElo "2612"]
[WhiteFideId "14129574"]
[BlackFideId "2106388"]
[EventDate "2022.11.27"]
[EventType "k.o."]

1. e4 c5 2. Nc3 e6 3. g3 Nc6 4. Bg2 Nf6 5. Nge2 d6 6. d4 cxd4 7. Nxd4 Bd7 8. O-O
Be7 9. Nde2 O-O 10. b3 a6 11. a4 Rc8 12. Ba3 Qc7 13. Qd2 Rfd8 14. Rfd1 Be8 15.
h3 h6 16. Bb2 Qb8 17. Qe3 b5 18. axb5 axb5 19. Rac1 Nd7 20. Nf4 b4 21. Na4 Nc5
22. Nxc5 dxc5 23. e5 Nd4 24. h4 Nxc2 25. Qe4 Rxd1+ 26. Rxd1 Nd4 27. Bxd4 cxd4
28. Rxd4 Rc3 29. Rd3 Qc7 30. Kh2 Rxd3 31. Nxd3 Qc3 32. Qa8 Qxd3 33. Qxe8+ Bf8
34. Qa4 g5 35. hxg5 hxg5 36. Qa2 Qc3 37. Qb1 Qxe5 38. Qe4 Qc5 39. Qe2 Bd6 40.
Be4 Qd4 41. Bd3 Kg7 42. Bc4 g4 43. Kg2 Bc5 44. Bb5 Kf8 45. Bc4 Ke7 46. Qc2 f5
47. Qe2 e5 48. Bd3 e4 49. Bc4 Kf6 50. Qc2 e3 51. Qe2 Qe4+ 52. f3 gxf3+ 53. Qxf3
Ke5 54. Qxe4+ Kxe4 55. Kf1 Kf3 56. Bd5+ Kxg3 57. Ke2 Kf4 58. Be6 Ke5 59. Bd7 Ke4
60. Bc6+ Kd4 61. Bd7 f4 62. Bc6 Bd6 63. Bb7 Bc7 64. Bc6 Bb8 65. Bb7 Bd6 66. Bc6
Kc3 67. Bd5 Bc5 68. Be6 Bb6 69. Bf7 Ba7 70. Bg8 Bb6 71. Bf7 f3+ 72. Kxf3 Kd2 73.
Bc4 Bc5 74. Be2 Bb6 75. Bc4 Ba7 76. Be2 Bb6 77. Bc4 1/2-1/2

[Event "MrDodgy Inv 3 Finals"]
[Site "chess24.com INT"]
[Date "2022.11.28"]
[Round "1.4"]
[White "Supi, Luis Paulo"]
[Black "Shevchenko, Kirill"]
[Result "1-0"]
[WhiteTitle "GM"]
[BlackTitle "GM"]
[WhiteElo "2612"]
[BlackElo "2649"]
[WhiteFideId "2106388"]
[BlackFideId "14129574"]
[EventDate "2022.11.27"]
[EventType "k.o."]

1. e4 c5 2. Nf3 e6 3. c3 Nf6 4. e5 Nd5 5. Bc4 Nb6 6. Bb3 c4 7. Bc2 d6 8. exd6
Qxd6 9. a4 Nc6 10. O-O Na5 11. Na3 Be7 12. Nb5 Qb8 13. Re1 O-O 14. Ne5 a6 15.
Nd4 Bf6 16. Qe2 Qc7 17. d3 cxd3 18. Qxd3 g6 19. Bf4 Qe7 20. b4 Nd5 21. Bh6 Nc6
22. Ndxc6 bxc6 23. Bxf8 Qxf8 24. Bb3 Qg7 25. Bxd5 cxd5 26. f4 g5 27. Qg3 Bb7 28.
fxg5 Bxg5 29. Rf1 Rf8 30. Nxf7 Bd2 31. Nh6+ Kh8 32. Rxf8+ Qxf8 33. Qe5+ 1-0

[Event "MrDodgy Inv 3 Finals"]
[Site "chess24.com INT"]
[Date "2022.11.28"]
[Round "1.5"]
[White "Shevchenko, Kirill"]
[Black "Supi, Luis Paulo"]
[Result "0-1"]
[WhiteTitle "GM"]
[BlackTitle "GM"]
[WhiteElo "2649"]
[BlackElo "2612"]
[WhiteFideId "14129574"]
[BlackFideId "2106388"]
[EventDate "2022.11.27"]
[EventType "k.o."]

1. e4 c5 2. c3 Nf6 3. e5 Nd5 4. Bc4 e6 5. d4 cxd4 6. cxd4 d6 7. Nf3 Be7 8. O-O
O-O 9. Qc2 dxe5 10. dxe5 Bd7 11. Nc3 Nxc3 12. bxc3 Bc6 13. Nd4 Qc7 14. Re1 Nd7
15. Bf4 Nc5 16. Re3 Be4 17. Qe2 a6 18. Qg4 Bg6 19. h4 h5 20. Qg3 Ne4 21. Rxe4
Qxc4 22. Re3 b5 23. Bg5 Bc5 24. Rd1 b4 25. Rf3 Rac8 26. Nb3 bxc3 27. Nxc5 Qxc5
28. Be3 c2 29. Rc1 Qd5 30. Rf4 Qxa2 31. Kh2 Rfd8 32. Qf3 Qb3 33. g4 Rd1 34. gxh5
Bf5 35. Qg2 Qxe3 36. fxe3 Rxc1 37. h6 Rh1+ 38. Kxh1 c1=Q+ 39. Rf1 Qc6 0-1

[Event "MrDodgy Inv 3 Finals"]
[Site "chess24.com INT"]
[Date "2022.11.28"]
[Round "1.6"]
[White "Supi, Luis Paulo"]
[Black "Shevchenko, Kirill"]
[Result "1-0"]
[WhiteTitle "GM"]
[BlackTitle "GM"]
[WhiteElo "2612"]
[BlackElo "2649"]
[WhiteFideId "2106388"]
[BlackFideId "14129574"]
[EventDate "2022.11.27"]
[EventType "k.o."]

1. e4 e5 2. Nf3 d6 3. Bc4 Nf6 4. d3 Be7 5. O-O O-O 6. c3 Nc6 7. h3 Kh8 8. Nbd2
Na5 9. Bb5 a6 10. Ba4 b5 11. Bc2 c5 12. d4 Qc7 13. d5 c4 14. Re1 Bd7 15. Nf1 Nb7
16. g4 Nc5 17. Ng3 a5 18. g5 Ne8 19. Be3 g6 20. b4 cxb3 21. axb3 f6 22. b4 Na4
23. bxa5 Rxa5 24. Qd2 Bxh3 25. c4 f5 26. exf5 gxf5 27. Bf4 exf4 28. Nh5 Bd8 29.
Re6 Bg4 30. Qd4+ Ng7 31. Rh6 Bxh5 32. Rxh5 Bf6 33. Rxh7+ Kxh7 34. gxf6 Nh5 35.
Bxf5+ Kh6 36. Nh2 Rg8+ 37. Kh1 Qc5 38. Qd2 Qxc4 39. f7 Rf8 40. Rg1 Qc3 41. Rg6+
Kh7 42. Rg8+ Kh6 43. Ng4# 1-0